000 00565cam a2200181 4500
001 D10442
008 090401t1985 xxu||||| |||| 00| 0 eng d
035 _a(Sirsi) u95032
041 _aeng
050 _a624.176
100 _aCooper, M. A. R.
245 _aPhotogrammetric measurement of deformation
260 _c1985
350 _a0
520 _aIn RICS Survey and mapping 85: the 2nd UK national land surveying and mapping conference and exhibition. University of Reading, 25 - 29 March 1985. (Paper F3) 1985/11 ABC
942 _n0
948 _c04/03/1997
999 _c98264
_d98264